Analiza obrazu powierzchni obrobionej w obróbce na sucho ostrzami o modyfikowanej geometrii / (Rekord nr 6130)
| 000 -ETYKIETA REKORDU | |
|---|---|
| podpole kontrolne o stałej długości | 01447naa a22002171i 4500 |
| 001 - NUMER KONTROLNY REKORDU | |
| podpole kontrolne | 6130 |
| 003 - IDENTYFIKATOR NUMERU KONTROLNEGO REKORDU | |
| podpole kontrolne | KOSZ 005 |
| 005 - DATA OSTATNIEJ MODYFIKACJI REKORDU | |
| podpole kontrolne | 20190610114326.0 |
| 008 - POLE O STAŁEJ DŁUGOŚCI - DANE KONTROLNE | |
| podpole kontrolne o stałej długości | 140617s2008 pl f |000 0 pol d |
| 040 ## - ŹRÓDŁO KATALOGOWANIA | |
| Instytucja, która utworzyła rekord | KOSZ 005 |
| Instytucja, która sporządziła opis | KOSZ 005 |
| Instytucja, która dokonała modyfikacji | KOSZ 005/ac |
| 084 ## - NUMER INNEJ KLASYFIKACJI | |
| Numer klasyfikacji | 621.9 |
| 100 1# - NAZWA OSOBOWA | |
| Nazwa osobowa | ZAWADA-TOMKIEWICZ, Anna. |
| Lata pracy | 1996 - . |
| Instytucja | Politechnika Koszalińska - Wydział Mechaniczny, |
| Wydział | Zakład Zarządzania i Marketingu w Budowie i Eksploatacji Maszyn |
| 245 10 - TYTUŁ/ODPOWIEDZIALNOŚĆ | |
| Tytuł | Analiza obrazu powierzchni obrobionej w obróbce na sucho ostrzami o modyfikowanej geometrii / |
| Pozostałe elementy strefy tytułu i oznaczenia odpowiedzialności | Anna Zawada-Tomkiewicz, Borys Storch. |
| 500 ## - UWAGI OGÓLNE | |
| Tekst uwagi | Dane z autopsji. |
| 520 ## - UWAGA DOTYCZĄCA TREŚCI DOKUMENTU | |
| Analiza dokumentacyjna, adnotacja itp. | Rozwiązanie prezentowane przez autorów dotyczy modyfikacji geometrii ostrza, która w istotny sposób wpływa na wynik obróbki pojedynczym ostrzem. Zmieniane jest ono w taki sposób, że na powierzchni przyłożenia, w otoczeniu naroża, wykonana jest minipowierzchnia równoległa do zamierzonego kierunku posuwu, a zgodna z kierunkiem skrócenia ostrza. |
| 650 #0 - HASŁO PRZEDMIOTOWE W FORMIE NAZWY OGÓLNEJ LUB JEDNOSTKOWEJ | |
| Nazwa ogólna lub geograficzna | Ostrza skrawające. |
| 650 #0 - HASŁO PRZEDMIOTOWE W FORMIE NAZWY OGÓLNEJ LUB JEDNOSTKOWEJ | |
| Nazwa ogólna lub geograficzna | Inżynieria powierzchni |
| 700 1# - HASŁO DODATKOWE - NAZWA OSOBOWA | |
| Nazwa osobowa | STORCH, Borys. |
| Lata pracy | 1996 - . |
| Instytucja | Politechnika Koszalińska - Wydział Mechaniczny, |
| Wydział | Zakład Zarządzania i Marketingu w Budowie i Eksploatacji Maszyn |
| 773 0# - TYTUŁ DOKUMENTU MACIERZYSTEGO | |
| Wyrażenie wprowadzające | W : |
| Tytuł | Obróbka skrawaniem : Innowacje / pod red. Jerzego Stósa. - |
| Adres wydawniczy | Kraków : Instytut Zaawansowanych Technologii Wytwarzania, 2008. - |
| Informacje dotyczące relacji | s. 320-327 |
| Strefa serii | Szkoła Obróbki Skrawaniem ; 2 |
| 942 ## - HASŁO DODATKOWE - ELEMENTY(KOHA) | |
| Typ dokumentu | Rozdział |
| Schemat klasyfikacji | Uniwersalna klasyfikacja dziesiętna |
| Wycofany | Zagubiony | Uszkodzony | Dostępność | Lokalizacja stała | Lokalizacja bieżąca | Sygnatura | Typ dokumentu |
|---|---|---|---|---|---|---|---|
| Dostępny | Bibliografia Prac Pracowników - BPK | Bibliografia Prac Pracowników - BPK | 101162 | Rozdział |
